00755nam a22001935i 4500001000700000003000900007005001700016008004100033040002000074100002200094245014400116250001300260260006400273300002100337500001900358700003500377700002400412852012500436160823ES-MaACL20251013220208.0041006s1870 fr |||| | fre d aCAM bspa cCAM1 aNuitter, Charles.13aLa princesse de Trébizonde b: opéra-bouffe en trois actes / cparoles de Ch. Nuitter et Ét. Tréfeu ; musique de Jacques Offenbach. a2e éd. aParis : bMichel Levy Frères, c1870 (fImpr. M. Loignon) a88 p. ; c19 cm. aSolo el texto.1 aTréfeu, Etienne, d1821-19030 aOffenbach, Jacques. aES-MaACLjD-692(9) z-- Enc. hol. conservando la cub. original z-- Enc. en un vol. facticio z.- Legado M. de la Fuente